[Event "ISR-chT"]
[Site "Ramat Aviv"]
[Date "2000.03.10"]
[Round "5.2"]
[White "Gershon, Alik"]
[Black "Labok, Boris"]
[Result "1-0"]
[WhiteElo "2471"]
[BlackElo "2380"]
[Annotator "Gershon,A"]
[PlyCount "127"]
[EventDate "2000.01.14"]
[EventType "team"]
[EventRounds "11"]
[EventCountry "ISR"]
[SourceTitle "CBM 077"]
[Source "ChessBase"]
[SourceDate "2000.07.27"]
[SourceVersion "1"]
[SourceVersionDate "2000.07.27"]
[SourceQuality "1"]
[WhiteTeam "Kfar Saba"]
[BlackTeam "Jerusalem Elitzur II"]
[WhiteTeamCountry "ISR"]
[BlackTeamCountry "ISR"]

1. d4 g6 2. c4 Bg7 3. Nf3 d6 4. Nc3 Bg4 5. e3 Nc6 6. Be2 e5 7. d5 Nce7 8. e4
Bd7 9. Bg5 h6 10. Be3 b6 11. Nd2 f5 12. f3 Nf6 (12... a5 $142 {forcing white
to waste a tempo on preparing b4}) 13. b4 a5 14. a3 O-O (14... axb4 15. axb4
Rxa1 16. Qxa1 fxe4 17. fxe4 Ng4 18. Bxg4 Bxg4 19. O-O $16 {[%csl Ge8]}) 15. Rc1
$1 {Now, axb4 was already threatenning} (15. c5 axb4 16. axb4 Rxa1 17. Qxa1
bxc5 18. bxc5 fxe4 19. fxe4 (19. Ndxe4 Nfxd5 20. Bc4 Be6 $17 {[%csl Ge3]})
19... Ng4 {[%csl Ge1] Now it's the white king who got stuck in the center.})
15... f4 16. Bf2 g5 17. c5 axb4 18. axb4 bxc5 19. bxc5 Ng6 20. Nc4 (20. cxd6
cxd6 21. Nb5 Ne8 $16) 20... Ne8 {Looks like a big edge for white, but black
has no clear weaknesses which makes the realization of the advantage not easy
at all for white.} 21. O-O (21. c6 $5 Bc8 22. Ra1 Rxa1 (22... Ba6 23. Rxa6 (23.
Nb6 Bxe2 24. Rxa8 Qxa8 25. Nxa8 Bxd1 26. Kxd1 {[%csl Rc7,Gg7][%cal Gd1d2,Gh1b1,
Gb1b7,Yc3b5,Gf2a7,Ga7b8]}) 23... Rxa6 24. Nxd6 Ra3 25. Nb7 Qa8 26. Kd2 {
[%cal Gf2c5,Gd1c2,Gh1b1]})) 21... h5 22. cxd6 (22. c6 {Here c6 would have been
even better since the king is already evacuated}) 22... cxd6 23. Nb6 Rb8 24.
Nxd7 Qxd7 {I thought that without the bishop black will have no play and it
will be a one sided game} 25. Na4 (25. Qa4 $5 Qe7 26. Qc6 Rf6 27. Nb5 $16 {
[%cal Gf2a7]}) 25... Bf6 26. Nb6 Qg7 27. Qa4 {[%csl Gd7]} Rd8 28. h3 $2 {
gives black counterchances.} (28. Rc3 Kh8 29. Rfc1 Rg8 30. Rc8 $18) 28... Kh8
29. Rc3 Rg8 30. Rfc1 g4 $1 {Suddenly it's not clear who is better anymore} 31.
fxg4 Bh4 32. Rc8 (32. gxh5 Bxf2+ 33. Kxf2 Nh4 34. Bg4 Nf6 35. Rc7 Nxg4+ 36. Kg1
Qg5 37. hxg4 Qxg4 $19) 32... Nf6 33. Rxd8 (33. R8c7 Bxf2+ 34. Kxf2 Qh6 $44)
33... Rxd8 34. Rc8 $1 {Weakenning black's king as well} (34. gxh5 $2 Bxf2+ 35.
Kxf2 Nh4 36. Rg1 Qg3+ 37. Kf1 Rg8 $19) (34. Bf3 Bxf2+ 35. Kxf2 Nh4 36. Rc8 Rxc8
37. Nxc8 hxg4 38. hxg4 Nxg4+ 39. Bxg4 Qxg4 40. Qe8+ Kg7 41. Qe7+ Kh8 42. Qe8+
$11) 34... Bxf2+ (34... Rxc8 35. Nxc8 Qb7 36. Bxh4 Nxh4 37. g5 Qb1+ 38. Qd1
Qxe4 39. Bf3 Qe3+ 40. Kh1 e4 41. Qa1 Kh7 (41... Kg8 42. Ne7+ $18) 42. Qb1 Kh8
$11 (42... Nxf3 43. gxf6 $16)) 35. Kxf2 Rxc8 36. Nxc8 Qc7 $2 (36... Qb7 37. g5
$1 Qxc8 (37... Nxe4+ 38. Qxe4 Qxc8 39. Qxg6 Qc5+ 40. Ke1 Qc1+ 41. Bd1 Qe3+ (
41... Qc3+ 42. Ke2 Qc4+ 43. Qd3 $18) 42. Kf1 $18) 38. gxf6 Qc5+ 39. Kf1 $16)
37. Qc4 $1 (37. Qc6 Nxe4+ 38. Kg1 Qa5 $132) 37... Qxc4 38. Bxc4 Nxe4+ 39. Kg1
$1 {[%cal Gc4d3]} (39. Ke1 Nh4) 39... Nd2 40. Nxd6 (40. Bd3 e4 41. Bc2 hxg4 42.
Nxd6 gxh3 43. gxh3 Ne7 44. Nxe4 Nxe4 45. Bxe4 Nxd5 $1 $11) 40... hxg4 41. hxg4
(41. Nf7+ Kg7 42. d6 Nf8 43. Nxe5 gxh3 44. gxh3 {I wasn't sure about this
position.}) (41. Bd3 $4 {For a long time I was considering this move but....}
Ne7 42. Ne4 Nxe4 (42... Nb3 43. d6 Nc6 44. hxg4 $18) 43. Bxe4 {[%tqu "En","Can
black survivie here, after all?","","","e7d5","",10,"g4h3","",0]} Nxd5 $3 (
43... gxh3 $4 44. d6 Kg7 45. d7 $1 $18) 44. Bxd5 gxh3 $11) 41... e4 (41... Nxc4
42. Nxc4 Kg7 43. Kf2 Kf6 44. Kf3 {winning}) 42. Nf7+ Kg7 43. d6 $1 Nf8 $8 (
43... Nxc4 44. d7) 44. Bd5 Nd7 (44... e3 45. g5 $18) 45. Kf2 e3+ 46. Ke2 (46.
Ke1 Nc5 47. Ne5 Kf6 {gives unnecessary play}) 46... Ne4 {A rather surprising
desicion! Makes the life much easier for white.} (46... Nb1 47. Bc4 {With
white's position still being won, but a lot of obstacles are still ahead.}) 47.
Bxe4 Kxf7 48. Bf5 Ne5 49. g5 Nc6 50. g6+ Kf6 51. d7 $1 Nd4+ 52. Ke1 Nc6 53. Be4
Nd8 54. Ke2 Ke7 (54... Ne6 55. Bd5 Nd8 56. Bf7 $18) 55. Bd5 $1 {[%cal Gg6g7]}
Kf6 56. Bf7 Nc6 57. g3 fxg3 58. Kxe3 Kg7 59. Ke2 ({of course not} 59. Kf3 $4
Ne5+ 60. Kxg3 Nxd7 $11) 59... Kf6 60. Kf1 Kg7 61. Kg2 Kf6 62. Kxg3 Ke7 63. Bd5
Nd4 64. Kg4 {[%cal Gg6g7,Gg7g8]} (64. g7 $4 Nf5+ $11) 1-0

[Event "Ismailia Misr 2nd"]
[Site "Ismailia"]
[Date "2004.08.25"]
[Round "11"]
[White "Ezat, Mohamed Mahmoud"]
[Black "Ivanov, Mikhail M"]
[Result "0-1"]
[WhiteElo "2395"]
[BlackElo "2463"]
[Annotator "Gofshtein,L"]
[PlyCount "66"]
[EventDate "2004.08.16"]
[EventType "tourn"]
[EventRounds "11"]
[EventCountry "EGY"]
[EventCategory "10"]
[SourceTitle "CBM 103"]
[Source "ChessBase"]
[SourceDate "2004.11.11"]
[SourceVersion "1"]
[SourceVersionDate "2004.11.11"]
[SourceQuality "1"]

1. d4 d6 (1... g6 2. c4 d6 3. Nc3 Bg7 4. e4 e5 5. Nf3 Nd7 6. Be2 Ngf6 7. O-O
O-O 8. Be3 Ng4 9. Bg5 f6 10. Bc1 Nh6 11. d5 (11. Be3 c6 (11... Nf7 12. Qb3 (12.
dxe5 dxe5 13. Nd2 c6 $132 {1/2-1/2 Del Prado Montoro,C-Garcia Luque,A/Granada
1991/EXT 2000 (53)}) 12... f5 13. dxe5 dxe5 14. Rad1 f4 $132 {1/2-1/2 Meyer,
J-Ostojic,P/New York 1979/MCD (57)}) 12. h3 Qe7 13. Rc1 f5 14. Bg5 Qe8 $132 {
1/2-1/2 Fedorowicz,J-Sax,G/Hastings 1977/MCD (56)}) 11... Nf7 (11... a5 12. a3
Nc5 13. Be3 f5 14. exf5 gxf5 15. Bg5 Qd7 $132 {0-1 Pajkovic,V-Strikovic,A/
Cetinje 1990/EXT 97 (40)}) 12. Ne1 a5 13. Nd3 Nc5 14. Qc2 b6 15. Bd2 f5 16. f3
$14 {1-0 Ball,S-Biyiasas,P/Calgary 1975/EXT 98 (63)}) 2. c4 e5 3. Nf3 Nd7 4.
Nc3 g6 5. Bg5 {White tries to disturb black's normal piece development.} f6 6.
Bc1 {Of course, 6.Be3 doesn't look very convincing as was played in the game
given below, but 6.Bh4 or 6.Bd2 was perfectly possible.} (6. Be3 $6 Ne7 7. dxe5
dxe5 8. g3 Bg7 9. Bg2 O-O 10. O-O c6 11. b4 Qc7 12. Qb3 Nb6 13. a4 Be6 14. Nd2
Nf5 15. Bc5 Rfd8 16. a5 Nd7 $36 {0-1 Timman,J-Pedersen,S/Groningen 1966/EXT
2003 (33)}) (6. Bd2 Bg7 (6... Nh6 7. e4 Bg7 8. dxe5 dxe5 9. h3 c6 10. Be3 Qe7
11. Qd2 Nf7 12. Be2 O-O 13. O-O f5 $132 {0-1 Kempinski,R-McNab,C/Koszalin 1998/
CBM 65 ext (62)}) 7. h4 c6 8. h5 f5 9. dxe5 dxe5 10. Bg5 Qc7 11. e4 Nc5 $132 {
0-1 Uhlmann,W-Knaak,R/Dresden 1985/MCL (30)}) (6. Bh4 Bg7 7. e4 Nh6 8. Be2 Nf7
9. d5 a5 10. a3 O-O 11. O-O Qe7 12. b4 $14 {0-1 Ward,C-Pein,M/Blackpool 1988/
TD (34)}) 6... Nh6 {A correct move order. A careless 6...Bg7 led after 7.Qa4
to a very good game for white.} (6... Bg7 7. Qa4 $5 Ne7 8. c5 $1 dxc5 9. dxe5
O-O 10. exf6 Nxf6 11. e4 $16 {1-0 Zak,U-McNab,C/Catalan Bay 2003/CBM 92 ext 
(44)}) 7. e4 Bg7 8. Be2 O-O 9. O-O Nf7 {Black is waiting for now, for the
right moment to launch a counter attack.} (9... c6 10. Qc2 Qe7 11. Be3 Nf7 12.
Rad1 a5 $14 {1-0 Douven,R-McNab,C/Graz 1981/EXT 99 (50)}) 10. Qc2 (10. Be3 $5)
10... c6 (10... f5 11. exf5 gxf5 12. dxe5 Ndxe5 13. Bf4 Ng6 14. Bd2 c6 $14) 11.
Rd1 (11. Be3 $5) 11... Qe7 (11... f5 12. exf5 gxf5 13. Qxf5 Nc5 14. Qh5 exd4
15. Nxd4 $16) 12. b3 (12. d5 $5 c5) 12... Re8 (12... exd4 13. Nxd4 Re8 14. f3
a5 $132) 13. Bf1 (13. d5 $5) (13. Be3 $5) 13... Nf8 {[%cal Rc8g4] Black
transfers the knight to f8, opening the c8-h3 diagonal for the bishop so he
could go to g4.} (13... exd4 14. Nxd4 Nc5 15. f3 a5 $132) 14. Ba3 $6 {An
unfortunate move, which is the cause of white's difficulties. Usually white's
bishop is better placed on e3.} (14. d5) 14... Bg4 $5 15. dxe5 (15. d5 Bxf3 16.
gxf3 c5) (15. Be2 Bxf3 16. Bxf3 exd4 17. Rxd4 f5 18. Rd2 Ng5 $36) 15... Bxf3
16. gxf3 (16. exd6 Bxd1 $19) 16... fxe5 $17 {[%csl Rf3][%cal Rf8e6,Re6f4,Re6d4]
Black has seized the initiative as white has many weaknesses in his position.}
17. Ne2 Ne6 18. Bc1 {White transfers pieces in order to cover his weaknesses.}
Qh4 {The queen and then the rook are transfered closer to the opponent's king.}
19. Bg2 Rf8 20. Be3 c5 {[%cal Re6d4] Totally capturing the d4 square. 20...Bh6
was also not bad.} (20... Bh6 $5) 21. Nc3 {21.Rd3 or 21.Qd3 was more stubborn,
not taking the knight away from the d4 square.} (21. Qd3 $5 Nd4 (21... Bh6) 22.
Bxd4 exd4 23. f4) (21. Rd3 $5) 21... Nd4 22. Qd2 (22. Bxd4 exd4 23. Nd5 Ne5 24.
f4 d3 25. Qd2 Bh6 $19) 22... Bh6 $1 {Of course, it is profitable for black to
exchange the dark squared bishops and further weaken the dark squares in the
opponent's camp.} 23. Bxh6 (23. Kh1 Ng5 $19) 23... Nxh6 {[%csl Rf4][%cal Rd4f3,
Rf8f3]} 24. Qd3 Qh5 {[%cal Rh5f3] White's position is defenceless.} 25. Ne2
Rxf3 $6 {A spectacular move but probably a mistake. After the simple 25...Nf3
black easily wins as the variations show.} (25... Nxf3+ $1 26. Bxf3 Rxf3 27.
Qd5+ Kh8 28. Ng3 Qh4 $19) 26. Qd2 $2 {White doesn't use his chance. After 26.
Bxf3 it's not clear how black could win.} (26. Bxf3 $8 Nxf3+ 27. Kg2 Rf8 28. h3
$5 Nh4+ 29. Kf1 $13) 26... Rxf2 $1 {A decisive blow after which black easily
wins.} 27. Kxf2 Ng4+ 28. Ke1 Qh4+ 29. Ng3 Qxh2 $19 30. Qd3 Qxg2 31. Rd2 Qg1+
32. Nf1 Rf8 {All black's pieces are in the attack.} 33. Rb2 Rf3 0-1

[Event "Athens Acropolis op-A 24th"]
[Site "Chalkida"]
[Date "2009.08.14"]
[Round "5"]
[White "Koneru, Humpy"]
[Black "Harika, Dronavalli"]
[Result "0-1"]
[WhiteElo "2623"]
[BlackElo "2445"]
[Annotator "Grivas,E"]
[PlyCount "84"]
[EventDate "2009.08.10"]
[EventType "swiss"]
[EventRounds "9"]
[EventCountry "GRE"]
[SourceTitle "CBM 131 Extra"]
[Source "ChessBase"]
[SourceDate "2009.09.03"]
[SourceVersion "2"]
[SourceVersionDate "2009.09.16"]
[SourceQuality "1"]

1. d4 g6 2. c4 d6 3. Nc3 Bg7 4. g3 Bd7 $5 {A lesser-known line for Black, who
wishes quick action along the h3-c8 diagonal.} 5. Bg2 Qc8 ({The only known
game continued with} 5... Bc6 $2 6. Nf3 d5 7. c5 $6 (7. cxd5 $1 Bxd5 8. e4 $16)
7... Nf6 8. O-O O-O 9. b4 $14 {Engel,H-Schimmer,J Landau 1996.}) 6. e4 (6. Nf3
Bh3 {would justify Black's plans.}) 6... h5 7. h3 Nc6 8. Nf3 e5 9. d5 ({
In general I believe that White should keep a lasting advantage with the simple
} 9. Be3 exd4 10. Nxd4 Nge7 11. Qd2 $14 {, as any open position favours the
one who with the spatial advantage.}) 9... Nd4 10. Be3 Nxf3+ 11. Qxf3 {White
still keeps a slight advantage but the blocked position allows Black to stay
alive.} Nf6 12. Qe2 O-O 13. f3 (13. c5 {trying to open lines seems natural.})
13... a6 14. g4 (14. a4 c5 15. g4 {is a nice alternative option that restrains
Black from her counterplay on the queenside.}) 14... b5 $5 15. cxb5 axb5 16.
Nxb5 Qb7 17. Nc3 Rfb8 {Now this Benko/Volga Gambit like formation offers Black
some real counterplay.} 18. b3 c6 $1 19. g5 Ne8 20. dxc6 Bxc6 21. O-O Nc7 22.
Rfd1 Ne6 ({An interesting second pawn sacrifice but with hindsight I would
prefer} 22... d5 $1 23. exd5 Nxd5 24. Nxd5 Bxd5 $44 {.}) 23. Qf2 $6 ({White
was obliged to accept the second sac:} 23. Rxd6 Nf4 24. Qf1 {and let Black
prove the correctness of her decision.}) 23... Qe7 24. h4 f6 ({Or} 24... Nd4
25. Rac1 Qd7 $44 {.}) 25. Qd2 Rd8 26. Nd5 Bxd5 27. Qxd5 Kh7 28. Rd2 $6 (28.
gxf6 Bxf6 29. a4 Nf4 $44 {was White's best chance to stay in the game.}) 28...
fxg5 29. hxg5 Nxg5 {Black has won the pawn back with interest: the weak white
king.} 30. Rc1 Bh6 $1 31. Bb6 Ne6 32. Bxd8 Rxd8 $6 ({After} 32... Be3+ $1 33.
Kf1 Rxd8 34. Qa5 Qg5 {White wouldn't survive long.}) 33. Rc3 Bxd2 34. Qxd2 Nf4
35. Qf2 d5 $1 {The ex-weak backward pawn, to which White did not pay too much
attention, helps to open lines towards the weak white king.} 36. exd5 Rxd5 37.
Rc2 (37. Bf1 Rd1 38. Kh2 Qd6 {is also a lost cause.}) 37... Qd6 ({More
forceful was} 37... Rd1+ 38. Kh2 Nxg2 39. Kxg2 (39. Qxg2 Qh4+ 40. Qh3 Rh1+)
39... Qg5+ 40. Kh2 Qf4+ 41. Kg2 h4 42. a4 h3+ {as it leads to mate.}) 38. Qa7+
Kh6 39. Qe3 Rd3 40. Qf2 e4 $1 41. Bf1 (41. fxe4 Rd1+ 42. Bf1 Nh3+ {.}) 41...
Rd1 42. Qe3 Rxf1+ (42... Rxf1+ {White resigned due to} 43. Kxf1 Qd1+ 44. Kf2
Qxc2+ {.}) 0-1

[Event "IND-ch 50th"]
[Site "Kolkata"]
[Date "2012.10.06"]
[Round "6"]
[White "Grover, Sahaj"]
[Black "Lalith, Babu MR"]
[Result "1-0"]
[WhiteElo "2516"]
[BlackElo "2540"]
[Annotator "Grover,S"]
[PlyCount "57"]
[EventDate "2012.10.01"]
[EventType "swiss"]
[EventRounds "13"]
[EventCountry "IND"]
[SourceTitle "CBM 151"]
[Source "ChessBase"]
[SourceDate "2012.11.13"]
[SourceVersion "1"]
[SourceVersionDate "2012.11.13"]
[SourceQuality "1"]

1. d4 g6 {A bit unusual, I mean it's not every day that your opponent
surprises you on the first move! :)} 2. c4 d6 3. Nc3 Bg7 4. Nf3 ({I figured
that if I had played} 4. e4 e5 5. d5 Ne7 {then he would've opted for this
setup, it's not one of my favourites. So I decided to change.}) 4... Bg4 $5 {
As my opponent is not a King's Indian player, he plays a very strange move. In
fact after this I had no clue what to do on the board.} 5. g3 {After thinking
for about 15 mins, I decided to play a fianchetto setup, (I had never tried
one with the white pieces) because up till now he had been playing very
quickly, and to be honest, e3 or e4, didn't seem that appealing to me.} Bxf3 $2
{I believe both Black's bishops are important at the moment. This could have
been delayed. With the advantage of hindsight, Black's idea after this capture
boomerangs in fairly quick time.} (5... Nf6 6. Bg2 O-O 7. O-O Qd7 {and it's a
different game, probably much more pleasant for Black, compared to what
happened.}) 6. exf3 e5 $2 {Giving the bishop and opening up the centre...
appeared a bit shaky to me!} (6... Nf6 7. Bg2 O-O 8. O-O Nbd7 $14) 7. dxe5 dxe5
(7... Bxe5 8. Bg2) 8. Qxd8+ Kxd8 9. Bg5+ Kc8 (9... Ke8 $2 10. Nd5) 10. O-O-O
Nc6 11. h4 $1 {Black is in big trouble!} h6 12. Be3 (12. Bh3+ Kb8 (12... f5 13.
Be3 Nge7 {transposes to the game}) 13. Be3 {is also possible, and Black has
problems developing.}) 12... Nge7 13. Bh3+ (13. h5 g5) 13... f5 (13... Nf5 14.
h5 $16 {At least.}) 14. f4 (14. h5 $5 gxh5 15. Bc5 {followed by Bxe7, Nd5 is
also possible}) 14... a5 15. g4 $5 {Probably wasn't necessary, as the position
is clearly better for me anyway.} (15. Rhe1 {with the idea of Bc5, should've
been much easier.}) 15... Ra6 $5 {A surprising, but not that helpful move.} 16.
gxf5 (16. Rhe1 {still works! :)}) 16... gxf5 17. Rhg1 Bf6 18. Ne4 $6 (18. Nd5
$1 Bxh4 19. Rg7 $18) 18... exf4 19. Bxf4 Bxh4 (19... Bd4 20. h5 {White is
still better though.}) 20. Rg7 Nd8 (20... Bg5 21. Bxg5 hxg5 22. Nxg5) 21. Bxf5+
$2 {My opponent was in severe time trouble by now, otherwise I can guarantee
you a player like him would've found the only defence for Black here} (21. Bg3
$1 Bxg3 22. Nxg3 $16) 21... Kb8 $2 (21... Ne6 $1 {is correct and it would have
been a just punishment for my carelessness.} 22. Bh3 Kb8 23. Bxe6 Rxe6 24. f3
Rc6 $1 (24... Rf8 $2 25. Nc5 $18) 25. b3 Rf8 {and I believe Black has solved
all his problems.}) 22. Rh7 $1 $18 {The only move to win. It took me a while
to figure this out :)} Rg8 23. Bh3 Ne6 24. Be3 Rc6 25. b3 Ng6 26. Rxh6 Be7 27.
Rh7 Ba3+ 28. Kb1 Ngf4 29. Nf6 {I knew I was winning here but at first glance
it doesnt look so. In fact Black is hopelessly lost.} 1-0

[Event "Kerteminde"]
[Site "Kerteminde"]
[Date "1991.??.??"]
[Round "5"]
[White "Hansen, Curt"]
[Black "Jansa, Vlastimil"]
[Result "1/2-1/2"]
[WhiteElo "2565"]
[BlackElo "2495"]
[Annotator "Hansen,Cu"]
[PlyCount "130"]
[EventDate "1991.02.??"]
[EventType "tourn"]
[EventRounds "9"]
[EventCountry "DEN"]
[EventCategory "10"]
[SourceTitle "CBM 023"]
[Source "ChessBase"]
[SourceDate "1991.08.01"]
[SourceVersion "1"]
[SourceVersionDate "1991.08.01"]
[SourceQuality "1"]

1. d4 {Ribli} d6 2. Nf3 Bg4 3. c4 Nd7 4. Qb3 Rb8 5. g3 g6 6. Nfd2 $5 {N. ץg4}
(6. Nbd2 Bg7 (6... c5 {Ribli Olafsson,H-Kosten,A Hastings 1990 CBM/22}) 7. h3
Bxf3 8. Nxf3 {Olafsson,H-Hodgson,J Reykjavik 1989}) 6... Bg7 7. h3 Be6 8. d5
Nc5 9. Qc2 Bd7 10. Nc3 c6 $6 11. Nb3 $1 Nxb3 12. axb3 Nf6 13. Bg2 cxd5 14. cxd5
a5 (14... b5 15. b4) 15. e4 (15. O-O $6 Qc8 16. Kh2 b5 $132) 15... O-O 16. Be3
b5 17. Ne2 {/\Ne2-d4} Qc8 18. Qd2 (18. Qxc8 Rfxc8 19. Kd2 a4 $132) 18... a4 19.
Rc1 Qa6 20. O-O Rfc8 (20... axb3 $2 21. Ra1 Qc8 22. Rfc1 $16) 21. Nd4 e5 (21...
Rxc1 22. Rxc1 axb3 23. Nxb3 {/\Ra1+/-/+/=}) 22. dxe6 fxe6 23. b4 $5 Rc4 (23...
e5 $5 24. Nc2 (24. Ne2 Be6 25. Nc3 Bc4 26. Rfd1 Rc6)) 24. Rxc4 bxc4 25. Rc1 {
/\b5} e5 $2 {ץg7} (25... d5 $8 26. exd5 exd5 27. Ne2 {+/=/}) 26. Nc2 $1 $16
Be6 27. Na3 Bf8 28. Bg5 Nd7 29. Bf1 Nb6 30. Be3 d5 $8 31. b5 (31. Bxb6 Qxb6 32.
exd5 Bxb4 33. Qd1 Bf7 34. Nxc4 Qd4 35. Qxa4 Bc5 36. Qc2 Qxd5 $13 (36... Bxd5 $2
37. Ne3)) 31... Qa8 (31... Qb7 32. Bxb6 Qxb6 33. exd5 $16) 32. exd5 Qxd5 33.
Nxc4 Qxd2 34. Nxd2 Nd5 35. Rc6 $4 (35. Bc4 Kf7 36. Bxd5 Bxd5 37. b6 Ke6 $14 {
+/=/+/-}) (35. Ba7 $2 Rb7 36. Bc5 Rc7 37. Ne4 Bf5 $19) 35... Nxe3 36. Rxe6 Nxf1
37. Kxf1 Rxb5 38. Nc4 Rc5 $138 (38... Rb4 $1 39. Rc6 $10) 39. Nxe5 Rc1+ 40. Kg2
Rc2 41. Ra6 Rxb2 42. Rxa4 Rb7 43. Ra6 Kg7 44. h4 Be7 45. Kh3 $6 Bf6 46. Nd3 h5
$1 47. Kg2 Kf7 48. Nf4 Rd7 49. Kf3 Kg7 50. Rc6 Ra7 51. Nd5 Bd4 {/\Rf7+} 52. Nf4
Bf6 53. Rd6 Kf7 54. Nd5 Be5 55. Rc6 Ra4 56. Rb6 Rd4 57. Rb7+ Ke6 58. Ne7 Kf6
59. Nc6 (59. Ng8+ Ke6 60. Re7+ Kd6 61. Re8 Rd3+ 62. Kg2 Ra3 63. f4 Bg7 {><Sg8})
59... Rd6 $1 (59... Rd5 60. Rb6) 60. Nxe5 Kxe5 61. Rf7 Rd3+ 62. Kg2 Ke6 63. Rf8
Ra3 64. f3 Ra2+ 65. Kh3 Ra3 {Hansen,C} 1/2-1/2

[Event "Jakarta Gunadarma"]
[Site "Jakarta"]
[Date "1996.??.??"]
[Round "1"]
[White "Portisch, Lajos"]
[Black "Hickl, Joerg"]
[Result "1-0"]
[WhiteElo "2600"]
[BlackElo "2600"]
[Annotator "Hansen,Cu"]
[PlyCount "55"]
[EventDate "1996.10.15"]
[EventType "tourn"]
[EventRounds "9"]
[EventCountry "INA"]
[EventCategory "13"]
[SourceTitle "CBM 056"]
[Source "ChessBase"]
[SourceDate "1997.02.01"]
[SourceVersion "1"]
[SourceVersionDate "1997.02.01"]
[SourceQuality "1"]

1. d4 {Ribli} d6 2. Nf3 Bg4 3. e3 $6 {Unambitious Dieser Zug ist nicht so
populär wie 3.e4, aber ich denke, Weiß kann mit dem Partiezug auf einen
kleinen Eröffnungsvorteil spielen.Ribli.} e6 4. c4 Nd7 (4... Nf6 $5) 5. Nc3 Be7
(5... Ngf6 $5 6. h3 Bxf3 7. Qxf3 c6) 6. h3 Bh5 {[#]} (6... Bxf3 $5 7. Qxf3 c6)
7. g4 {Diese agressive Fortsetzung verschafft Weiß klaren Vorteil.} (7. d5 $5 {
Ribli}) 7... Bg6 8. h4 $1 h6 (8... h5 9. g5 $36 {[%csl Rg8][%cal Yg5f6,Yg5h6]})
9. h5 Bh7 10. Bd3 $14 {() Weiß spielt wie in der Caro-Kann Verteidigung (4...
Lf5-Variante). Er macht zuerst Raumgewinn, anschließend tauscht er den
weißfeldrigen Läufer.Ribli.} Ngf6 11. Rg1 c6 12. b3 {The qustion in this
position - for both players - is where to place the K. For white the choice is
easier. He has a spaceadvantage so for the moment his K will be safe anywhere.
For black it is more difficult. The queenside seems to offer the best shelter
but it is also on this side of the board he would like to seek his counterplay.
} a6 $6 {Ich glaube, Schwarz muß 12...Qc7 und 0-0-0 spielen, um eine
verteidigungsfähige Stellung zu erreichen.Ribli.} (12... Qa5 $5 {/\0-0-0}) 13.
Bb2 Bxd3 14. Qxd3 b5 15. Kf1 $1 {Now that black has started active play on the
quennside white does not want to place his King on c1. It is more safe behind
his own pawns on the king-side. Blacks activity has given him problems.
Because: Where should he now place his own King. The queenside can be opened
very quickly and is no safe place after 14. - b5.} (15. Ke2 {Ribli.}) 15...
bxc4 $6 (15... Rb8 $5) 16. bxc4 Rb8 17. Rb1 Qa5 18. Ba1 Rxb1+ 19. Qxb1 {
[%csl Re8,Rh8]} O-O $6 {Castling into the attack but Rh8 needed to be
developed Es scheint mir nicht logisch, in den gegnerischen Angriff hinein zu
rochieren.Ribli.} 20. g5 Rb8 (20... hxg5 {Ribli} 21. Rxg5 Qa3 22. h6 g6 23.
Rxg6+) 21. Qd3 Ne8 (21... hxg5 {Ribli} 22. Rxg5 (22. Nxg5 Qa3 23. Ke2) 22...
Qa3 $14 {Ribli.}) 22. c5 $1 {This nice move makes it impossible for black to
get his queen to the rescue of Kg8 - without weakening his pawnstruckture wery
seriously. Dieser Zug schneidet den Weg der schwarzen Dame auf der fünften
Reihe ab.Ribli.} (22. gxh6 Qxh5 $13) 22... dxc5 23. gxh6 c4 {[%cal Ya5h5]} 24.
Qxc4 Qxh5 25. Qxc6 Nf8 26. Ne5 (26. hxg7 $5 $16) 26... Qxh6 27. Rh1 Qg5 $4 (
27... Qf6 28. Qg2 $40 {[%cal Yg2h3,Yh3h8]} (28. Qxa6 {Ribli}) (28. Ne4 Rb1+ $2
(28... Qf5 29. Ng3 Qf6 30. Kg2 {Ribli.}) 29. Kg2)) 28. Rh8+ 1-0